000 02052nam a2200337 i 4500
003 EG-GICUC
005 20260121101441.0
008 251208s2007 ua ||||fr|||| 00| 0 ara d
017 _a٢٤٤٨٩ / ٢٠٠٦
040 _a EG-GICUC
_bara
_c EG-GICUC
_d EG-GICUC
_erda
041 0 _aara
082 0 4 _221
_a345.4391
_bم ح . ع
092 0 4 _221
099 _aLaw1 07 345.4391 م ح . ع 1 ed - 2007
100 0 _aمحمد ماهر أبو العينين
_eمؤلف.
245 1 2 _aالعاملون المدنيون بالدولة والكادرات الخاصة :
_bفي قضاء وإفتاء مجلس الدولة (۲۰۰۷ .۱۹۹۸) مع الإشارة إلى أهم الأحكام والفتاوى الأقدم.
_nالكتاب الأول،
_pالعاملون المدنيون بالدولة /
_cالمستشار الدكتور / محمد ماهر أبو العينين.
250 _aالطبعة الأولى
264 1 _aالقاهرة :
_bدار النهضة العربية،
_c2007.
300 _a1000 ؛صفحة
_c24 سم.
336 _2rda content
_atext
337 _2rda media
_aComputer
338 _2rda carrier
_aOnline Resource
505 _a- القضاء الإدارى ومنازعات الموظفين - شغل الوظائف طبقاً لقانون العاملين المدنيين الحقوق المالية للموظف : المرتب والعلاوات وا - - الأقدمية وتسوية الحالة -تقارير الكفاية والترقية النقل والندب والإعارة والإجازات.
505 _aملحق خاص مشروع قانون الوظيفة العامة الجديد - والحقوق الذاتية للموظفين ملاحظات على مشروع القانون والتعليق على أهم أحكامه.
546 _aالنص باللغة العربية
650 1 4 _aتصحيح أوضاع العاملين
650 1 4 _aالقانون الإداري
856 4 0 _uhttps://fll.law.cu.edu.eg/fulltext/bks/B07-01374.pdf
905 _a32
_eYara
942 _2ddc
_cBK
_e21
_n0
999 _c49092
_d49092